| 000 | 00647nam a2200217 a 4500 | ||
|---|---|---|---|
| 001 | 10763 | ||
| 003 | CO-ViMGA | ||
| 008 | 141112s2004 ck r 000 u spa d | ||
| 020 | _a9700505758 | ||
| 040 |
_aCO-ViMGA _bspa _cCO-ViMGA |
||
| 082 | 0 | 4 | _a972.015 M19a |
| 100 | 1 |
_aBreton ; Alain, Arnauld Jacques, _914723 |
|
| 245 | 1 | 0 |
_aLos Mayas : _bLa pasión por los antepasados el deseo de perdurar |
| 260 |
_aMexico : _bGrijalbo, _c1991 |
||
| 300 | _a284p. | ||
| 490 | _aGrijalbo Interdiciplina | ||
| 650 | 1 | 4 |
_aINDIGENAS DE MEXICO - HISTORIA _914724 |
| 650 | 1 | 4 |
_aMAYAS - HISTORIA _914725 |
| 650 | 1 | 4 |
_aMEXICO - HISTORIA _914726 |
| 942 |
_2ddc _cBK |
||
| 999 |
_c22013 _d22013 |
||